[Event "Eastern Ontairo op"]
[Site "Ottawa CAN"]
[Date "2010.06.12"]
[Round "2"]
[White "Plotkin, Victor"]
[Black "Sambuev, Bator"]
[Result "1/2-1/2"]
[WhiteElo "2424"]
[BlackElo "2615"]
[PlyCount "91"]
[EventDate "2010.06.11"]
[EventType "swiss"]
[EventRounds "5"]
[EventCountry "CAN"]

1. e4 d5 2. exd5 Qxd5 3. Nc3 Qd6 4. d4 Nf6 5. Bc4 c6 6. Nge2 Bf5 7. Bf4 Qb4 8.
Bb3 e6 9. a3 Qa5 10. O-O Nbd7 11. Qd2 h6 12. d5 cxd5 13. Nxd5 Qxd2 14. Nxf6+
gxf6 15. Bxd2 Nc5 16. Bc4 O-O-O 17. Be3 Kb8 18. b4 Nd7 19. Nd4 Bg6 20. Bb3 a6
21. Rfd1 Be7 22. c4 f5 23. f4 Bh5 24. Nf3 Rhg8 25. Kf1 Nf6 26. Rxd8+ Rxd8 27.
Rd1 Bxf3 28. Rxd8+ Bxd8 29. gxf3 Bc7 30. Ba4 Kc8 31. Bd4 Nd7 32. Bxd7+ Kxd7 33.
Be3 b5 34. c5 Kc6 35. Ke2 Kd5 36. Kd3 h5 37. h3 a5 38. Kc3 Bd8 39. Kd3 axb4 40.
axb4 Bh4 41. Bd2 Bg3 42. Be3 f6 43. Bd2 e5 44. fxe5 fxe5 45. Bc3 Bf2 46. Bd2
1/2-1/2

[Event "Eastern Ontairo op"]
[Site "Ottawa CAN"]
[Date "2010.06.12"]
[Round "3"]
[White "Gordon, David"]
[Black "Pacey, Kevin"]
[Result "1-0"]
[WhiteElo "2277"]
[BlackElo "2388"]
[PlyCount "51"]
[EventDate "2010.06.11"]
[EventType "swiss"]
[EventRounds "5"]
[EventCountry "CAN"]

1. d4 c6 2. c4 d5 3. cxd5 cxd5 4. Nf3 Nf6 5. Nc3 Nc6 6. Bf4 a6 7. e3 Bg4 8. h3
Bxf3 9. Qxf3 e6 10. Rc1 Bd6 11. Bd3 O-O 12. O-O Rc8 13. Na4 Bxf4 14. Qxf4 Qa5
15. Nc5 Nb4 16. Nxb7 Qxa2 17. Rxc8 Rxc8 18. Nc5 a5 19. Qd6 Qxb2 20. Ba6 Rf8 21.
Qb6 Qa2 22. Bb5 Ne4 23. Nd7 Rc8 24. f3 Nc3 25. Qb7 Rd8 26. Qc7 1-0

[Event "Eastern Ontairo op"]
[Site "Ottawa CAN"]
[Date "2010.06.12"]
[Round "3"]
[White "Laurin, Marcel"]
[Black "Thibault, Mario"]
[Result "1/2-1/2"]
[WhiteElo "1810"]
[BlackElo "1844"]
[PlyCount "82"]
[EventDate "2010.06.11"]
[EventType "swiss"]
[EventRounds "5"]
[EventCountry "CAN"]

1. b4 e5 2. Bb2 Bxb4 3. Bxe5 Nf6 4. Nf3 O-O 5. c3 Ba5 6. e3 d6 7. Bg3 Be6 8.
Bd3 c5 9. Qc2 c4 10. Bf5 Qd7 11. Nd4 Nc6 12. Nxc6 Qxc6 13. f3 Qd7 14. Bxe6 fxe6
15. a4 Rac8 16. Na3 a6 17. O-O Rf7 18. Rfb1 Qc6 19. Qd1 Nd7 20. Qe2 d5 21. Nc2
Nc5 22. Nd4 Qd7 23. Ra2 Nd3 24. f4 Bd8 25. Qg4 Rf6 26. Rf1 Bb6 27. Ne2 Rcf8 28.
h4 Rg6 29. Qh3 h5 30. a5 Ba7 31. Raa1 Rg4 32. Kh2 Qe7 33. Ng1 e5 34. fxe5 Rxf1
35. Rxf1 Nxe5 36. Nf3 Bb8 37. Ng5 Qe8 38. Bf4 Nd3 39. g3 Bxf4 40. gxf4 Qa4 41.
Nf3 Qc2 1/2-1/2

[Event "Eastern Ontairo op"]
[Site "Ottawa CAN"]
[Date "2010.06.12"]
[Round "3"]
[White "Sapozhnikov, Roman"]
[Black "Marinkovic, Mate"]
[Result "1-0"]
[WhiteElo "2422"]
[BlackElo "2211"]
[PlyCount "61"]
[EventDate "2010.06.11"]
[EventType "swiss"]
[EventRounds "5"]
[EventCountry "CAN"]

1. e4 c5 2. Nf3 e6 3. d4 cxd4 4. Nxd4 Nc6 5. Nc3 Qc7 6. Be3 a6 7. Qd2 Bb4 8.
O-O-O Nf6 9. f3 O-O 10. g4 b5 11. h4 Na5 12. h5 Ne8 13. Nb3 d6 14. g5 g6 15.
Qh2 Rb8 16. Nd4 Rb7 17. hxg6 fxg6 18. Bh3 Qc4 19. Rd3 Re7 20. Bg4 Nb7 21. a3
Bxa3 22. bxa3 Nc5 23. Rhd1 Nxd3+ 24. Rxd3 e5 25. Nd5 Rb7 26. Ne6 Bxe6 27. Bxe6+
Kh8 28. Nf4 exf4 29. Bxc4 bxc4 30. Bd4+ Kg8 31. Rc3 1-0

[Event "Eastern Ontairo op"]
[Site "Ottawa CAN"]
[Date "2010.06.13"]
[Round "4"]
[White "O'Donnell, Tom"]
[Black "Sambuev, Bator"]
[Result "0-1"]
[WhiteElo "2452"]
[BlackElo "2615"]
[PlyCount "138"]
[EventDate "2010.06.11"]
[EventType "swiss"]
[EventRounds "5"]
[EventCountry "CAN"]

1. c4 Nf6 2. g3 g6 3. Bg2 Bg7 4. Nc3 O-O 5. e4 c5 6. Nge2 Nc6 7. O-O d6 8. a3
Ne8 9. Rb1 a5 10. d3 Nc7 11. Be3 Bg4 12. h3 Bxe2 13. Qxe2 Rb8 14. a4 Ne6 15.
Kh2 Ned4 16. Qd1 e6 17. f4 Qd7 18. h4 f5 19. Nb5 Kh8 20. h5 gxh5 21. Bxd4 Nxd4
22. Nxd4 Bxd4 23. exf5 Rxf5 24. Bh3 Rf6 25. Qxh5 Qxa4 26. Qe2 Qc6 27. Qg2 Qd7
28. Rbe1 Rg8 29. Re2 Qf7 30. Rfe1 e5 31. f5 Rg5 32. Re4 Rh6 33. g4 Rf6 34. Qd2
Qg8 35. R1e2 Rgxf5 36. Rxd4 Rf3 37. Rde4 Qf8 38. Bg2 Rf2 39. Rxf2 Rxf2 40. Re2
Rf4 41. Re4 Rf2 42. Re2 Rf4 43. Bh3 b6 44. Rg2 Qf7 45. g5 Kg7 46. Qe2 Rf3 47.
Qe4 Rf4 48. Qc6 Rf3 49. Qe4 Rf4 50. Qe1 Rf3 51. Qh4 Qg6 52. Qe4 Rxd3 53. Qb7+
Qf7 54. Qxf7+ Kxf7 55. Bf5 Rd4 56. Bxh7 Rxc4 57. Bc2 Kg7 58. Rd2 Rb4 59. Bb1
Rd4 60. Rxd4 exd4 61. b3 b5 62. Kg3 d5 63. Kf4 c4 64. bxc4 dxc4 65. Ke4 d3 66.
Kd4 a4 67. Kc3 Kg6 68. Kb4 Kxg5 69. Kxb5 d2 0-1

[Event "Eastern Ontairo op"]
[Site "Ottawa CAN"]
[Date "2010.06.13"]
[Round "4"]
[White "Plotkin, Victor"]
[Black "Qin, Zi Yi (Joey)"]
[Result "1-0"]
[WhiteElo "2424"]
[BlackElo "2329"]
[PlyCount "73"]
[EventDate "2010.06.11"]
[EventType "swiss"]
[EventRounds "5"]
[EventCountry "CAN"]

1. e4 c5 2. c3 Nf6 3. e5 Nd5 4. d4 cxd4 5. Nf3 Nc6 6. Bc4 Nb6 7. Bb3 d5 8. exd6
Qxd6 9. Nxd4 Nxd4 10. cxd4 e6 11. Nc3 Bd7 12. O-O Bc6 13. Bg5 Be7 14. Bxe7 Kxe7
15. Qg4 Rhd8 16. Qh4+ Kf8 17. Qxh7 Qxd4 18. Rad1 Qf6 19. Qh8+ Ke7 20. Qh5 Kf8
21. Qh8+ Ke7 22. Qh5 Kf8 23. f3 Nd7 24. Ne4 Qh6 25. Qa5 Qe3+ 26. Kh1 Kg8 27.
Rfe1 Qf4 28. Rd4 b6 29. Qc3 Ne5 30. Nd6 Qf6 31. Rd2 Rd7 32. Qxe5 Qxe5 33. Rxe5
Rad8 34. Rxe6 Kf8 35. Nxf7 Rxd2 36. Nxd8 Bd5 37. Rd6 1-0

[Event "Eastern Ontairo op"]
[Site "Ottawa CAN"]
[Date "2010.06.13"]
[Round "5"]
[White "Renaud, Joshua"]
[Black "Laurin, Marcel"]
[Result "0-1"]
[WhiteElo "1868"]
[BlackElo "1810"]
[PlyCount "60"]
[EventDate "2010.06.11"]
[EventType "swiss"]
[EventRounds "5"]
[EventCountry "CAN"]

1. e4 b6 2. d4 Bb7 3. Bd3 d6 4. Nf3 Nd7 5. c4 e6 6. Nc3 h6 7. O-O Ne7 8. Re1 g5
9. e5 d5 10. cxd5 Nxd5 11. Nxd5 Bxd5 12. Be3 g4 13. Nd2 h5 14. Ne4 f5 15. exf6
Nxf6 16. Bg5 Be7 17. Nxf6+ Bxf6 18. Bg6+ Kd7 19. Bxf6 Qxf6 20. Be4 Raf8 21. Qd2
h4 22. Bxd5 exd5 23. Re3 h3 24. Rg3 hxg2 25. Rxg2 Rh4 26. Rd1 Rfh8 27. Qc3 Rxh2
28. Rxh2 Rxh2 29. Kxh2 Qxf2+ 30. Kh1 g3 0-1

[Event "Eastern Ontairo op"]
[Site "Ottawa CAN"]
[Date "2010.06.13"]
[Round "5"]
[White "Sambuev, Bator"]
[Black "Sapozhnikov, Roman"]
[Result "1-0"]
[WhiteElo "2615"]
[BlackElo "2422"]
[PlyCount "67"]
[EventDate "2010.06.11"]
[EventType "swiss"]
[EventRounds "5"]
[EventCountry "CAN"]

1. d4 Nf6 2. c4 g6 3. Nc3 Bg7 4. e4 d6 5. Nf3 O-O 6. Be2 Na6 7. O-O e5 8. Be3
c6 9. d5 Ng4 10. Bg5 f6 11. Bh4 c5 12. Ne1 Nh6 13. Nd3 Qe7 14. Rb1 Bd7 15. b4
cxb4 16. Nxb4 Nc5 17. Nd3 b6 18. Nxc5 bxc5 19. Rb7 Rfb8 20. Qb3 Qd8 21. Rb1
Rxb7 22. Qxb7 Nf7 23. f3 Kf8 24. Bd1 g5 25. Be1 f5 26. exf5 Bxf5 27. Ne4 Bd7
28. Bd2 h6 29. a4 a5 30. Rb6 Ke7 31. Bc2 Qc8 32. Ng3 Qxb7 33. Rxb7 Ke8 34. Bg6
1-0

[Event "Eastern Ontario op"]
[Site "Ottawa CAN"]
[Date "2010.06.11"]
[Round "1"]
[White "Ferreira, Alex"]
[Black "Pacey, Kevin"]
[Result "0-1"]
[WhiteElo "2131"]
[BlackElo "2406"]
[PlyCount "108"]
[EventDate "2010.06.11"]
[EventType "swiss"]
[EventRounds "5"]
[EventCountry "CAN"]

1. e4 Nc6 2. d4 e5 3. dxe5 Nxe5 4. Nf3 Qf6 5. Be2 Bb4+ 6. c3 Nxf3+ 7. Bxf3 Bc5
8. O-O d6 9. Nd2 Ne7 10. Nb3 Bb6 11. Qe2 O-O 12. Be3 Ng6 13. g3 Bh3 14. Bg2
Bxg2 15. Kxg2 Bxe3 16. Qxe3 Rfe8 17. f4 Qe7 18. Rae1 f5 19. Nd2 fxe4 20. Qxe4
Qxe4+ 21. Rxe4 d5 22. Rxe8+ Rxe8 23. Kf2 Nf8 24. Nf3 Nd7 25. Rd1 c6 26. Re1
Rxe1 27. Nxe1 Kf7 28. Ke3 Ke7 29. Nf3 c5 30. f5 b5 31. Kf4 Kd6 32. b4 Nf6 33.
Ng5 cxb4 34. cxb4 d4 35. Ne6 Kd5 36. g4 Kc4 37. Nc5 Kxb4 38. Nb3 d3 39. g5 Nd7
40. Ke3 Kc3 41. h4 a5 42. Nd2 b4 43. Ne4+ Kc2 44. h5 a4 45. f6 gxf6 46. g6 hxg6
47. hxg6 Ne5 48. g7 Ng4+ 49. Kf4 Nh6 50. Nxf6 d2 51. Nd5 b3 52. axb3 axb3 53.
Kg5 Ng8 54. Nf6 d1=Q 0-1

[Event "Eastern Ontario op"]
[Site "Ottawa CAN"]
[Date "2010.06.12"]
[Round "2"]
[White "Pacey, Kevin"]
[Black "O'Donnell, Tom"]
[Result "1/2-1/2"]
[WhiteElo "2406"]
[BlackElo "2452"]
[PlyCount "48"]
[EventDate "2010.06.11"]
[EventType "swiss"]
[EventRounds "5"]
[EventCountry "CAN"]

1. e4 c5 2. Nf3 Nc6 3. Bb5 g6 4. O-O Bg7 5. c3 e5 6. d4 exd4 7. cxd4 cxd4 8. e5
Nge7 9. Na3 O-O 10. Nc4 a6 11. Bxc6 dxc6 12. Qxd4 Be6 13. Nb6 Nf5 14. Qxd8
Raxd8 15. Bg5 f6 16. exf6 Bxf6 17. Bxf6 Rxf6 18. Ng5 Bd5 19. Nxd5 Rxd5 20. Rfe1
Nd4 21. Re8+ Rf8 22. Rxf8+ Kxf8 23. Ne4 c5 24. Kf1 Re5 1/2-1/2

[Event "Eastern Ontario op"]
[Site "Ottawa CAN"]
[Date "2010.06.13"]
[Round "4"]
[White "Pacey, Kevin"]
[Black "Doubleday, William"]
[Result "1/2-1/2"]
[WhiteElo "2406"]
[BlackElo "2196"]
[PlyCount "43"]
[EventDate "2010.06.11"]
[EventType "swiss"]
[EventRounds "5"]
[EventCountry "CAN"]

1. e4 c5 2. Nf3 Nc6 3. Bb5 d6 4. O-O Bg4 5. c3 Nf6 6. d4 cxd4 7. cxd4 a6 8.
Bxc6+ bxc6 9. Nc3 e6 10. Be3 Be7 11. Qa4 O-O 12. Qxc6 Bxf3 13. gxf3 Qb8 14.
Rab1 Rc8 15. Qa4 d5 16. e5 Rc4 17. Qb3 Rb4 18. Qc2 Nd7 19. b3 Rb7 20. f4 g6 21.
Qd3 Nb6 22. Bc1 1/2-1/2

[Event "Eastern Ontario op"]
[Site "Ottawa CAN"]
[Date "2010.06.13"]
[Round "5"]
[White "Collins, Chris"]
[Black "Pacey, Kevin"]
[Result "0-1"]
[WhiteElo "2178"]
[BlackElo "2406"]
[PlyCount "94"]
[EventDate "2010.06.11"]
[EventType "swiss"]
[EventRounds "5"]
[EventCountry "CAN"]

1. e4 d6 2. d4 Nf6 3. Nc3 g6 4. f4 Bg7 5. Nf3 O-O 6. Qe2 Bg4 7. Be3 d5 8. h3
Bxf3 9. gxf3 c6 10. O-O-O b5 11. e5 Nh5 12. Qd2 e6 13. Bd3 Nd7 14. f5 exf5 15.
Ne2 Nb6 16. Kb1 Nc4 17. Qc1 Nxe3 18. Qxe3 f4 19. Qf2 c5 20. c3 c4 21. Bc2 a5
22. Rdg1 b4 23. Ba4 Rb8 24. Rh2 Qe7 25. Qe1 Rb6 26. Rg4 Bh6 27. Ka1 Rfb8 28.
Rgg2 Re6 29. Qc1 Rbb6 30. Bc2 Kh8 31. Ba4 f6 32. Rh1 Bg7 33. exf6 Rxf6 34. Bd1
Rbe6 35. Qd2 Re3 36. Rf1 Bh6 37. Qc2 Qe8 38. Qd2 Rb6 39. Qc1 Kg7 40. Qd2 Qd7
41. Rg4 Qe7 42. Rg2 Rbe6 43. Rff2 Ng3 44. h4 Nxe2 45. Rxe2 bxc3 46. bxc3 Qxh4
47. Rg4 Rxe2 0-1

[Event "Edmonton ch"]
[Site "Edmonton CAN"]
[Date "2010.01.07"]
[Round "1.1"]
[White "Dahl"]
[Black "Pecher, Markus"]
[Result "0-1"]
[WhiteElo "1734"]
[BlackElo "2380"]
[PlyCount "100"]
[EventDate "2010.01.07"]
[EventType "k.o."]
[EventRounds "8"]
[EventCountry "CAN"]

1. e4 Nf6 2. e5 Nd5 3. Nc3 Nxc3 4. dxc3 d5 5. Be3 Bf5 6. g4 Be4 7. f3 Bg6 8. h4
h6 9. Bd3 Bxd3 10. Qxd3 e6 11. O-O-O c6 12. c4 Nd7 13. f4 Qa5 14. Kb1 Nc5 15.
Bxc5 Bxc5 16. cxd5 cxd5 17. Ne2 O-O-O 18. Nd4 Kb8 19. Nb3 Qc7 20. Nxc5 Qxc5 21.
Qd4 Qe7 22. Rd3 Rc8 23. Rc3 Rxc3 24. Qxc3 Rc8 25. Qe3 Rc4 26. g5 Re4 27. Qf2 h5
28. Re1 Qb4 29. Rxe4 Qxe4 30. Kc1 b6 31. Kd2 Kc7 32. Qe3 Qg2+ 33. Kd3 Qh2 34.
Qd2 Qxh4 35. Qc3+ Kb7 36. Qb4 Qg3+ 37. Ke2 Qg2+ 38. Kd1 Qg1+ 39. Ke2 Qc5 40.
Qd2 Qc4+ 41. Kf3 g6 42. b3 Qe4+ 43. Kg3 a5 44. a3 d4 45. Qf2 Qe3+ 46. Qxe3 dxe3
47. Kf3 b5 48. Kxe3 b4 49. axb4 axb4 50. Kd4 Kc6 0-1

[Event "Edmonton ch"]
[Site "Edmonton CAN"]
[Date "2010.01.07"]
[Round "1.1"]
[White "Gardner, Sherri"]
[Black "Zegstroo, Martin"]
[Result "1-0"]
[WhiteElo "2320"]
[BlackElo "1864"]
[PlyCount "47"]
[EventDate "2010.01.07"]
[EventType "k.o."]
[EventRounds "8"]
[EventCountry "CAN"]

1. d4 f5 2. g3 Nf6 3. Bg2 e6 4. c4 d6 5. Nf3 Be7 6. O-O O-O 7. b4 c6 8. a4 Nbd7
9. Bb2 Ne4 10. Qb3 Ndf6 11. Nfd2 Qe8 12. f3 Nxd2 13. Nxd2 f4 14. gxf4 Nh5 15.
e3 Qg6 16. Rf2 Bh4 17. Re2 e5 18. dxe5 Bf5 19. Ne4 d5 20. cxd5 cxd5 21. Qxd5+
Be6 22. Qd4 Rxf4 23. exf4 Nxf4 24. Nf6+ 1-0

[Event "Edmonton ch"]
[Site "Edmonton CAN"]
[Date "2010.01.07"]
[Round "1.1"]
[White "Hugo, D."]
[Black "Re"]
[Result "1-0"]
[WhiteElo "2218"]
[BlackElo "1931"]
[PlyCount "77"]
[EventDate "2010.01.07"]
[EventType "k.o."]
[EventRounds "8"]
[EventCountry "CAN"]

1. d4 d5 2. Nf3 Nf6 3. e3 c6 4. Bd3 Bg4 5. c4 e6 6. Qb3 Bxf3 7. Qxb7 Bxg2 8.
Rg1 Nbd7 9. Rxg2 Qc8 10. Qxc8+ Rxc8 11. Nc3 g6 12. Bd2 Bg7 13. f4 O-O 14. c5
Rb8 15. Rb1 Rb7 16. Ba6 Rb4 17. b3 Rfb8 18. Rc1 Rd8 19. Ne4 Rbb8 20. Nd6 Ne4
21. Ba5 Rf8 22. Bc7 Rb4 23. Nxe4 dxe4 24. Rb2 Nb8 25. Bf1 f5 26. a3 Rb7 27. Bd6
Rd8 28. b4 Kf7 29. a4 a6 30. Rcb1 h6 31. b5 axb5 32. axb5 Rxd6 33. cxd6 c5 34.
dxc5 Bxb2 35. Rxb2 g5 36. c6 Nxc6 37. bxc6 Rxb2 38. c7 Rc2 39. d7 1-0

[Event "Edmonton ch"]
[Site "Edmonton CAN"]
[Date "2010.01.07"]
[Round "1.1"]
[White "Sillam, Richard"]
[Black "Reeves, Anna"]
[Result "0-1"]
[WhiteElo "1875"]
[BlackElo "2306"]
[PlyCount "72"]
[EventDate "2010.01.07"]
[EventType "k.o."]
[EventRounds "8"]
[EventCountry "CAN"]

1. d4 Nf6 2. c4 g6 3. Nc3 Bg7 4. e4 d6 5. Nf3 O-O 6. Be2 e5 7. O-O Nc6 8. d5
Ne7 9. b4 a5 10. b5 Nd7 11. Ne1 f5 12. f3 f4 13. Nd3 h5 14. Qb3 b6 15. Ba3 Kh7
16. Nd1 g5 17. N1f2 Ng6 18. Qc2 Nf6 19. Rab1 Bh6 20. h3 Rg8 21. Bb2 Qe7 22. Kh2
g4 23. fxg4 hxg4 24. Bxg4 Nxg4+ 25. Nxg4 Bxg4 26. hxg4 Qh4+ 27. Kg1 Qxg4 28.
Nf2 Qg3 29. Qd3 Nh4 30. Qxg3 Rxg3 31. Bc1 Rag8 32. Rb3 f3 33. Bxh6 fxg2 34.
Rfb1 Kxh6 35. Nh3 Nf3+ 36. Kf2 Rxh3 0-1

[Event "Edmonton ch"]
[Site "Edmonton CAN"]
[Date "2010.01.07"]
[Round "1.1"]
[White "Stark, Rainer"]
[Black "Pedersen, Rune"]
[Result "1-0"]
[WhiteElo "2008"]
[BlackElo "2076"]
[PlyCount "119"]
[EventDate "2010.01.07"]
[EventType "k.o."]
[EventRounds "8"]
[EventCountry "CAN"]

1. d4 g6 2. Nf3 Bg7 3. Bg5 c5 4. e3 cxd4 5. exd4 Qb6 6. Nc3 h6 7. Bc1 Nc6 8. d5
Nd4 9. Be2 Nxf3+ 10. Bxf3 d6 11. O-O Nf6 12. Re1 Nd7 13. Ne4 Ne5 14. Be2 O-O
15. Rb1 f5 16. Be3 Qb4 17. Nd2 f4 18. c3 Qa5 19. Bd4 Bf5 20. b4 Qc7 21. Rc1 b6
22. Nf3 g5 23. h3 Qd7 24. Nh2 Bg6 25. Ng4 Bf5 26. Bxe5 dxe5 27. f3 Rac8 28. Qb3
Qd6 29. Ba6 Rcd8 30. Nf2 Kh8 31. Rcd1 Qg6 32. Bd3 Rc8 33. Bxf5 Qxf5 34. Ne4
Rcd8 35. c4 Qc8 36. Kh1 Bf6 37. Re2 h5 38. Nf2 Rg8 39. Rde1 Qf5 40. Qd3 Qd7 41.
Rd1 Rg7 42. c5 bxc5 43. bxc5 Qc8 44. Rc2 Rh7 45. d6 Rd7 46. Qf5 Qc6 47. Ne4 Rf7
48. Nxg5 Rg7 49. Ne4 Rf7 50. Qxh5+ Rh7 51. Qe8+ Kg7 52. Nxf6 Kxf6 53. Qf8+ Kg6
54. Qg8+ Kh6 55. Qe6+ Kg7 56. Qxe5+ Kg8 57. Rcd2 Rxh3+ 58. Kg1 Rxf3 59. gxf3
exd6 60. Qd5+ 1-0

[Event "Edmonton ch"]
[Site "Edmonton CAN"]
[Date "2010.01.07"]
[Round "1.1"]
[White "Wiig, Ole"]
[Black "Rekic, Elvis"]
[Result "0-1"]
[WhiteElo "1934"]
[BlackElo "2210"]
[PlyCount "66"]
[EventDate "2010.01.07"]
[EventType "k.o."]
[EventRounds "8"]
[EventCountry "CAN"]

1. e4 e6 2. d3 d5 3. Nd2 c5 4. Ngf3 Nc6 5. g3 b5 6. Bg2 Nf6 7. O-O Be7 8. Re1
O-O 9. e5 Nd7 10. Nf1 Qc7 11. Bf4 Bb7 12. h4 Nb6 13. N1h2 d4 14. Bg5 Bxg5 15.
Nxg5 h6 16. Qh5 hxg5 17. hxg5 Ne7 18. Bxb7 Qxb7 19. Ng4 Nd7 20. Nf6+ Nxf6 21.
gxf6 Ng6 22. Re4 Qd5 23. Kg2 gxf6 24. Rh1 Rfd8 25. Qh7+ Kf8 26. exf6 Ke8 27. f3
Nf8 28. Qg8 Kd7 29. Qxf7+ Kc6 30. Rh5 Rd7 31. Qg8 Qxh5 32. Rxe6+ Rd6 33. Rxd6+
Kxd6 0-1

[Event "Edmonton ch"]
[Site "Edmonton CAN"]
[Date "2010.01.07"]
[Round "1.1"]
[White "Willis, F."]
[Black "Serafettin, Kara"]
[Result "1-0"]
[WhiteElo "2053"]
[BlackElo "2050"]
[PlyCount "133"]
[EventDate "2010.01.07"]
[EventType "k.o."]
[EventRounds "8"]
[EventCountry "CAN"]

1. e4 c6 2. d3 d5 3. Nd2 e5 4. Ngf3 Bd6 5. g3 Bg4 6. Bg2 Nf6 7. O-O O-O 8. Re1
Re8 9. h3 Bh5 10. Nf1 Nbd7 11. g4 Bg6 12. Ng3 dxe4 13. dxe4 Nc5 14. Bg5 Ne6 15.
Bxf6 gxf6 16. Nh4 Nf4 17. Nhf5 Bf8 18. Ne2 Bxf5 19. Nxf4 Bg6 20. Nd3 Qd4 21.
Qf3 Be7 22. c3 Qb6 23. Qe3 Qxe3 24. Rxe3 Rad8 25. Bf1 Rd7 26. Kg2 Red8 27. Rae1
Bf8 28. Rg3 c5 29. b3 b5 30. h4 h6 31. Nc1 Rd1 32. Rge3 a6 33. h5 Bh7 34. Bd3
Rxe1 35. Rxe1 Be7 36. Re2 f5 37. Bc2 fxe4 38. Bxe4 Bg5 39. Bxh7+ Kxh7 40. Rc2
Bxc1 41. Rxc1 Rd2 42. c4 b4 43. Ra1 Rb2 44. Kf3 Kg7 45. Ke4 Rxf2 46. Kxe5 Rd2
47. a3 a5 48. axb4 axb4 49. Ra5 Rb2 50. Rxc5 Rxb3 51. Rb5 Rb1 52. c5 b3 53. Kd6
b2 54. Kc6 Kf6 55. Kb6 Kg5 56. c6+ Kxg4 57. c7 Rc1 58. Rxb2 Kxh5 59. Rb5+ Kg4
60. Rc5 Rxc5 61. Kxc5 h5 62. c8=Q+ Kg3 63. Qc7+ Kg2 64. Qxf7 h4 65. Qd5+ Kh2
66. Qe5+ Kg2 67. Qe4+ 1-0

[Event "Edmonton ch"]
[Site "Edmonton CAN"]
[Date "2010.01.14"]
[Round "1.2"]
[White "Pecher, Markus"]
[Black "Dahl"]
[Result "1-0"]
[WhiteElo "2380"]
[BlackElo "1734"]
[PlyCount "65"]
[EventDate "2010.01.07"]
[EventType "k.o."]
[EventRounds "8"]
[EventCountry "CAN"]

1. f4 Nf6 2. Nf3 g6 3. d3 d5 4. e3 Bg7 5. Be2 Bg4 6. O-O Bxf3 7. Bxf3 c6 8. e4
Qb6+ 9. Kh1 O-O 10. e5 Ne8 11. d4 e6 12. c3 c5 13. dxc5 Qxc5 14. b3 Nc6 15. Ba3
Qe3 16. Qd2 Qxd2 17. Nxd2 Nc7 18. Bxf8 Bxf8 19. c4 d4 20. Bxc6 bxc6 21. Ne4 Ne8
22. Rad1 Rd8 23. g4 Bb4 24. Rd3 c5 25. a3 Bxa3 26. Ra1 Bb4 27. Rxa7 Rc8 28. Kg2
Kf8 29. Ng5 Nc7 30. Nxh7+ Kg7 31. Nf6 Ne8 32. Ne4 Rd8 33. Ng5 1-0

[Event "Edmonton ch"]
[Site "Edmonton CAN"]
[Date "2010.01.14"]
[Round "1.2"]
[White "Pedersen, Rune"]
[Black "Stark, Rainer"]
[Result "0-1"]
[WhiteElo "2076"]
[BlackElo "2008"]
[PlyCount "102"]
[EventDate "2010.01.07"]
[EventType "k.o."]
[EventRounds "8"]
[EventCountry "CAN"]

1. d3 c6 2. c4 d5 3. b3 e5 4. Nf3 Bd6 5. g3 Nf6 6. Bg2 O-O 7. Bb2 Re8 8. O-O d4
9. Nbd2 Bg4 10. h3 Bf5 11. Rc1 Na6 12. a3 Qd7 13. Kh2 h6 14. b4 c5 15. bxc5
Nxc5 16. Nb3 Qa4 17. Nxc5 Qxd1 18. Rfxd1 Bxc5 19. Nd2 Rad8 20. Rb1 b6 21. Nb3
Bf8 22. g4 Bd7 23. Nd2 Ba4 24. Rf1 Rc8 25. Ne4 Nxe4 26. Bxe4 Bc6 27. f3 Bxe4
28. fxe4 Rc5 29. a4 Ra5 30. Ra1 Rc8 31. Bc1 Bb4 32. h4 Rcc5 33. e3 dxe3 34.
Bxe3 Rc6 35. Ra2 Rd6 36. Rd1 Bc5 37. Bc1 Rd7 38. Kg3 Be7 39. g5 hxg5 40. hxg5
Rc5 41. Ba3 Rc6 42. Bxe7 Rxe7 43. a5 Rd7 44. axb6 Rxb6 45. Ra5 Rb3 46. Rd5 Re7
47. Kg4 f6 48. gxf6 gxf6 49. Kf5 Kf7 50. Rh1 Rb2 51. Rf1 Rg2 0-1

[Event "Edmonton ch"]
[Site "Edmonton CAN"]
[Date "2010.01.14"]
[Round "1.2"]
[White "Re"]
[Black "Hugo, D."]
[Result "0-1"]
[WhiteElo "1931"]
[BlackElo "2218"]
[PlyCount "70"]
[EventDate "2010.01.07"]
[EventType "k.o."]
[EventRounds "8"]
[EventCountry "CAN"]

1. d4 d5 2. Nf3 c5 3. dxc5 e6 4. Be3 Na6 5. c4 Nxc5 6. cxd5 exd5 7. Nc3 Nf6 8.
Bg5 Be7 9. Qd4 Ne6 10. Qa4+ Bd7 11. Qb3 d4 12. Bxf6 Bxf6 13. Nd5 Qa5+ 14. Nd2
Bg5 15. e3 O-O 16. h4 dxe3 17. fxe3 Bh6 18. g4 Nd4 19. Ne7+ Kh8 20. Qd3 Nf3+
21. Kf2 Ne5 22. Qd4 Nxg4+ 23. Kg3 Qc7+ 24. Kf3 Nxe3 25. Ne4 Bg4+ 26. Kf2 Qxe7
27. Ng5 Qf6+ 28. Qxf6 gxf6 29. Kxe3 fxg5 30. h5 Rfe8+ 31. Kf2 Rad8 32. Bc4 Rd2+
33. Kg3 Re3+ 34. Kxg4 Rd4+ 35. Kf5 Rf4# 0-1

[Event "Edmonton ch"]
[Site "Edmonton CAN"]
[Date "2010.01.14"]
[Round "1.2"]
[White "Reeves, Anna"]
[Black "Sillam, Richard"]
[Result "1-0"]
[WhiteElo "2306"]
[BlackElo "1875"]
[PlyCount "79"]
[EventDate "2010.01.07"]
[EventType "k.o."]
[EventRounds "8"]
[EventCountry "CAN"]

1. c4 e6 2. g3 Nf6 3. Bg2 d5 4. Nf3 c5 5. O-O Nc6 6. b3 g6 7. cxd5 exd5 8. Bb2
Bg7 9. Qc2 b6 10. a3 O-O 11. d3 Be6 12. Nbd2 d4 13. b4 Nd7 14. Ne4 Rc8 15. bxc5
Na5 16. Bxd4 Bxd4 17. Nxd4 Nxc5 18. Nxe6 Nxe4 19. Qb2 fxe6 20. Bxe4 Nc6 21.
Rac1 Ne7 22. Rxc8 Qxc8 23. Rc1 Qd7 24. Qe5 Rc8 25. Rxc8+ Qxc8 26. h4 Kf7 27. h5
Qc5 28. Qf4+ Nf5 29. hxg6+ hxg6 30. g4 e5 31. Qf3 Qc1+ 32. Kg2 Qg5 33. Bxf5
gxf5 34. Qxf5+ Qxf5 35. gxf5 b5 36. Kf1 Kf6 37. e4 a5 38. Ke2 b4 39. axb4 a4
40. Kd2 1-0

[Event "Edmonton ch"]
[Site "Edmonton CAN"]
[Date "2010.01.14"]
[Round "1.2"]
[White "Serafettin, Kara"]
[Black "Willis, F."]
[Result "0-1"]
[WhiteElo "2014"]
[BlackElo "2106"]
[PlyCount "50"]
[EventDate "2010.01.07"]
[EventType "k.o."]
[EventRounds "8"]
[EventCountry "CAN"]

1. e4 e5 2. f4 exf4 3. Bc4 Qh4+ 4. Kf1 Nf6 5. Nf3 Qh5 6. Nc3 c6 7. d4 g5 8. e5
d5 9. exd6 Bxd6 10. Qe2+ Kf8 11. b3 Bg4 12. Bb2 Nbd7 13. Kf2 Re8 14. Qd3 b5 15.
Bxb5 cxb5 16. Nxb5 Re3 17. Qd1 Ne4+ 18. Kg1 Bxf3 19. gxf3 Rxf3 20. Qe2 Qg4+ 21.
Qg2 Qxg2+ 22. Kxg2 Rf2+ 23. Kh3 Rxc2 24. Nxd6 Nf2+ 25. Kg2 Nxh1+ 0-1

[Event "Edmonton ch"]
[Site "Edmonton CAN"]
[Date "2010.01.14"]
[Round "1.2"]
[White "Wiig, Ole"]
[Black "Rekic, Elvis"]
[Result "0-1"]
[WhiteElo "1934"]
[BlackElo "2210"]
[PlyCount "109"]
[EventDate "2010.01.07"]
[EventType "k.o."]
[EventRounds "8"]
[EventCountry "CAN"]

1. e4 c5 2. Nf3 d6 3. d4 cxd4 4. Qxd4 Nc6 5. Bb5 Bd7 6. Bxc6 Bxc6 7. Nc3 Nf6 8.
Bg5 e6 9. O-O-O Be7 10. Kb1 h6 11. Bh4 O-O 12. Qd3 Rc8 13. Nd4 Qb6 14. f3 Rfe8
15. Bf2 Qc7 16. g4 Nd7 17. Ndb5 Bxb5 18. Nxb5 Qa5 19. Nxd6 Ne5 20. Qe2 Bxd6 21.
Rxd6 Nc4 22. Rd4 b5 23. Rhd1 Rc6 24. Qd3 Ne5 25. Qb3 Rec8 26. Bg3 Nc4 27. Be1
Qc7 28. Bg3 Qb6 29. f4 a5 30. Qd3 b4 31. Rd8+ Kh7 32. e5+ g6 33. f5 exf5 34.
gxf5 Rxd8 35. fxg6+ Rxg6 36. Qxd8 Qe6 37. Qd5 Ne3 38. Qxe6 Rxe6 39. Rd7 Kg6 40.
Kc1 f6 41. exf6 Kxf6 42. Rd6 Rxd6 43. Bxd6 Nd5 44. Kd2 Ke6 45. Bf8 h5 46. Kd3
Kd7 47. Bh6 Kc6 48. c4 bxc3 49. bxc3 a4 50. Kd4 Kd6 51. a3 Nb6 52. c4 Kc6 53.
Kc3 Kd6 54. Kb4 Nd7 55. Kxa4 0-1